The impact of transmission lines on property values: coming to terms with stigma (Record no. 70460)

MARC details
000 -LEADER
fixed length control field 01287cam a2200229 4500
001 - CONTROL NUMBER
control field ABS65576
008 - FIXED-LENGTH DATA ELEMENTS--GENERAL INFORMATION
fixed length control field 020611n2002 000 0 eng u
035 ## - SYSTEM CONTROL NUMBER
System control number (Sirsi) u118371
100 ## - MAIN ENTRY--PERSONAL NAME
Personal name Elliott, P.
245 #4 - TITLE STATEMENT
Title The impact of transmission lines on property values: coming to terms with stigma
260 ## - PUBLICATION, DISTRIBUTION, ETC.
Date of publication, distribution, etc. 2002
490 ## - SERIES STATEMENT
Series statement Property Management
Volume/sequential designation 20(2) 2002, 137-152(16)
520 ## - SUMMARY, ETC.
Summary, etc. The impact of power transmission lines on property values remains insufficiently explored and inconclusively theorised. Examines what appears to be a general phenomenon of price depreciation of land abutting power lines. A large scale international literature review is organised in terms of a thematic model as a prelude to a precis of key papers discussing the power line/property nexus. Examines the stigma issue which has different manifestations from its normal context involving contaminated lands. A speculative model is provided of the stigma apparently attaching to power lines and attendant installations. [Taken from journal abstract].
590 ## - LOCAL NOTE (RLIN)
Local note ABS
650 ## - SUBJECT ADDED ENTRY--TOPICAL TERM
Topical term or geographic name entry element TRANSMISSION LINES
650 ## - SUBJECT ADDED ENTRY--TOPICAL TERM
Topical term or geographic name entry element POWER LINES
650 ## - SUBJECT ADDED ENTRY--TOPICAL TERM
Topical term or geographic name entry element DEPRECIATION IN VALUE
650 ## - SUBJECT ADDED ENTRY--TOPICAL TERM
Topical term or geographic name entry element PROPERTY VALUES
690 ## - LOCAL SUBJECT ADDED ENTRY--TOPICAL TERM (OCLC, RLIN)
Topical term or geographic name as entry element PROPERTY-PROPERTY APPRAISAL AND VALUATION
700 ## - ADDED ENTRY--PERSONAL NAME
Personal name Wadley, D.
942 ## - ADDED ENTRY ELEMENTS (KOHA)
Suppress in OPAC 0
Holdings
Withdrawn status Lost status Source of classification or shelving scheme Damaged status Not for loan Home library Current library Shelving location Date acquired Total Checkouts Full call number Barcode Date last seen Copy number Price effective from Koha item type
    Dewey Decimal Classification     London London Journal article 11/06/2002   ABS65576 118371-1001 06/08/2019 1 06/08/2019 Journal article